Estatísticas para Esportes por Filme

Clique aqui para jogar o quiz

Estatísticas Gerais

  • Esse quiz foi jogado 40 vezes
  • A pontuação média é 7 de 21

Estatísticas das Respostas

Filme Esporte % Correto
Driblando o Destino (Joga como Beckham)Futebol
96%
RockyBoxe
93%
Momentos Decisivos (Hoosiers)Basquetebol
75%
Ponto Final (Match Point)Tênis
57%
Tudo Pela Vitória (Friday Night Lights)Futebol Americano
57%
Harry PotterQuadribol (Quidditch)
54%
Sorte no Amor (Jogo a Três Mãos)Basebol
54%
Caçadores de Emoção (Ruptura Explosiva)Surfe
36%
O Jogo da Paixão (Tin Cup)Golfe
36%
Aspen - Dinheiro, Sedução e PerigoEsqui
29%
Dias de Trovão (Dia de Tempestade)Automobilismo
21%
Prefontaine: Um Nome Sem LimitesMaratona
21%
Bolas em Pânico (Não Me Toques nas Bolas)Tênis de Mesa
21%
Vale Tudo (Os Vencedores)Hóquei no Gelo
18%
Jamaica Abaixo de ZeroBobsled
18%
Dogtown & Z-Boys - Onde Tudo ComeçouSkate
18%
Escorregando para a Glória (A Glória dos Campeões)Patinação Artística
14%
Falcão - O Campeão dos Campeões (O Lutador)Queda de Braço
11%
KingpinBoliche
7%
Seabiscuit - Alma de Herói (Nascido Para Ganhar)Turfe
4%
Teenagers - As Apimentadas (Tudo Por Elas)Cheerleading
0%

Distribuição das Pontuações

Percentil de Números Respondidos

Porcentagem de Pessoas com Cada Pontuação

Sua Pontuação Histórica

Você não jogou esse quiz